Statistics for States that Border the Gulf of Mexico

Click here to take the quiz!

General Stats

  • This quiz has been taken 6 times
  • The average score is 8 of 12

Answer Stats

Country state is inState% Correct
USAlabama
100%
USFlorida
100%
USLouisiana
100%
USMississippi
100%
USTexas
100%
MexicoYucatan
83%
MexicoQuintana Roo
67%
MexicoCampeche
33%
CubaPinar del Rio
33%
MexicoTabasco
33%
MexicoTamaulipas
33%
MexicoVeracruz
33%

Score Distribution

Percentile by Number Answered

Percent of People with Each Score

Your Score History

You have not taken this quiz